|
|
|
|
| LEADER |
00000nam0a2200000 4500 |
| 001 |
300980 |
| 005 |
20231102001345.0 |
| 020 |
|
|
|a RU
|b 83-18385
|
| 035 |
|
|
|a (RuTPU)RU\TPU\book\326133
|
| 090 |
|
|
|a 300980
|
| 100 |
|
|
|a 20150721d1983 k y0rusy5003 ca
|
| 101 |
0 |
|
|a rus
|
| 102 |
|
|
|a RU
|
| 105 |
|
|
|a a z 001zy
|
| 200 |
1 |
|
|a Перевозка труб и трубных секций
|f В. Ф. Николенко, И. В. Макаров, Е. Л. Семин
|
| 210 |
|
|
|a Москва
|c Недра
|d 1983
|
| 215 |
|
|
|a 160 с.
|c ил.
|
| 320 |
|
|
|a Библиогр.: с. 159
|
| 606 |
|
|
|a Трубы
|x Перевозки автомобильные
|2 stltpush
|3 (RuTPU)RU\TPU\subj\61890
|9 79053
|
| 610 |
1 |
|
|a транспортные средства
|
| 610 |
1 |
|
|a технология
|
| 610 |
1 |
|
|a организация
|
| 610 |
1 |
|
|a трубоплетевозы
|
| 610 |
1 |
|
|a параметры
|
| 610 |
1 |
|
|a техника безопасности
|
| 675 |
|
|
|a 621.643
|v 3
|
| 700 |
|
1 |
|a Николенко
|b В. Ф.
|g Виктор Филиппович
|
| 701 |
|
1 |
|a Макаров
|b И. В.
|g Иван Васильевич
|
| 701 |
|
1 |
|a Семин
|b Е. Л.
|g Евгений Лаврентьевич
|
| 801 |
|
0 |
|a RU
|b RuMRKP
|c 19950704
|g psbo
|
| 801 |
|
1 |
|a RU
|b 63413507
|c 20150721
|
| 801 |
|
2 |
|a RU
|b 63413507
|c 20180621
|g RCR
|
| 942 |
|
|
|c BK
|